| 000 | 00484nam a2200181Ia 4500 | ||
|---|---|---|---|
| 005 | 20250326124050.0 | ||
| 008 | 250326s9999 xx 000 0 und d | ||
| 037 | _aTextbook | ||
| 040 |
_aFMSL _beng _cFMSL |
||
| 041 |
_aeng _2eng |
||
| 084 |
_aX.1 L2;1.2 _qFMSL |
||
| 100 | _aMeade J E | ||
| 245 | 0 |
_aTrade and welfare _cMeade J E |
|
| 260 |
_aNY _bNY, English Language Book Society _c1972 |
||
| 300 | _a618p | ||
| 942 |
_cTB _hX.1 L2;1.2 |
||
| 999 |
_c1272118 _d1272118 |
||